|
|
|
|
| LEADER |
00000cam a2200000 a 4500 |
| 001 |
vtls011428651 |
| 003 |
SK-MaSNL |
| 005 |
20260301041157.0 |
| 008 |
240318s2015 pl e 000 pdpol |
| 015 |
|
|
|a SNBZSA2016
|
| 020 |
|
|
|a 9788374908146
|q (brož.)
|
| 035 |
|
|
|a BF88BB91-41F9-4562-AEC3-F2B39D3E28EF
|
| 035 |
|
|
|a urn:nbn:sk:snk-aml7ex
|
| 035 |
|
|
|a urn:nbn:sk:snk-am008toc
|
| 040 |
|
|
|a SNK
|b slo
|c SNK
|e AACR2
|
| 041 |
0 |
|
|a pol
|
| 044 |
|
|
|a pl
|c PL
|
| 072 |
|
7 |
|a 821.162.1
|x Poľská literatúra
|2 konspekt
|
| 080 |
|
|
|a 821.162.1-1
|2 2001
|
| 080 |
|
|
|a (0:82-1)
|2 2001
|
| 100 |
1 |
|
|a Kusztal, Monika,
|d 1990-
|4 aut
|9 342520
|
| 245 |
1 |
0 |
|a Niedomknięte słowa
|c Monika Kusztal
|
| 260 |
|
|
|a Kraków
|b Wydawnictwo i Drukarnia Towarzystwa Słowaków w Polsce
|c 2015
|
| 300 |
|
|
|a 46 s.
|c 17 cm
|
| 655 |
|
7 |
|a poľská poézia
|2 SNKPH
|9 70590
|
| 655 |
|
7 |
|a Polish poetry
|2 SNKPHeng
|9 331284
|
| 919 |
|
|
|a 978-83-7490-814-6
|
| 958 |
|
|
|a ZS
|
| 958 |
|
|
|a PL
|
| 958 |
|
|
|a LX
|
| 958 |
|
|
|a BC
|
| 999 |
|
|
|c 587782
|d 589712
|
| 952 |
|
|
|a SNK
|b SNK
|y PREZ
|7 0
|p 17A1176742
|o snkSD 84813
|i snk2015/33888
|8 2
|g 2.50
|0 0
|1 0
|4 0
|d 2015-12-16
|f 1
|l 0
|r 2017-06-30 00:00:00
|w 2026-02-23
|
| 952 |
|
|
|a SNK
|b SNK
|y VYP
|7 0
|p 17A1179654
|o snkSD 84813 D1
|i snk2016/2557
|8 2
|g 2.50
|0 0
|1 0
|4 0
|d 2016-01-27
|l 0
|r 2017-06-30 00:00:00
|w 2026-02-23
|